Normal view
MARC view
Entry Personal Name
001 - CONTROL NUMBER
- control field: 81200
003 - CONTROL NUMBER IDENTIFIER
- control field: dpl
005 - DATE AND TIME OF LATEST TRANSACTION
- control field: 20250514161817.0
008 - FIXED-LENGTH DATA ELEMENTS
- fixed length control field: 250514|| aca||aabn | a|a d
040 ## - CATALOGING SOURCE
- Original cataloging agency: dpl
- Transcribing agency: dpl
100 ## - HEADING--PERSONAL NAME
- Personal name: अम्बेडकर, बी.आर
670 ## - SOURCE DATA FOUND
- Source citation: Work cat.: (dpl)209993: अम्बेडकर, बी.आर, जात-पांत का विनाश/, 2024
